LEADER 01395nam a2200301 i 4500 001 000000165930 003 CaOOAMICUS 005 20071031000000.0 008 071031s2007 it u000 u ita u 013 $a143298 020 $a978-88-399-0829-2 040 $aSeMil$bita 100 1 $aDünzl, Franz,$d<1960-2018>.$0(OLS)http://semarc/name/37313 240 10$aKleine Geschichte des trinitarischen Dogmas in der Alten Kirche.$0(OLS)http://semarc/title/236967 245 10$aBreve storia del dogma trinitario nella chiesa antica /$cFranz Dünzl ; [traduzione dal tedesco di Carlo Danna]. 260 $aBrescia :$bQueriniana,$c2007. 300 $a178 p. :$bill. ;$c20 cm. 490 0 $aGiornale di teologia ;$v329 500 $aContiene: Indicazioni bibliografiche. 650 4$aTrinità - Teologia - Storia del dogma.$0(OLS)http://semarc/subject/1718 700 1 $aDanna, Carlo.$0(OLS)http://semarc/name/2768 830 0$aGiornale di teologia ;$v329.$0(OLS)http://semarc/title/419620 850 $aSeMil 852 $aSeMil$W1$xVenegono$y1$m2M III 729$j117101$B117101$CSeMilBibl$Z2$F127916 $81 961 $aSottoscrizione: Queriniana 996 $6020$a978-88-399-0829-2$9(OLS)http://semarc/number/152371 996 $6245$aBreve storia del dogma trinitario nella chiesa antica$9(OLS)http://semarc/title/236966 996 $6260$aBrescia :$bQueriniana$9(OLS)http://semarc/publisher/29615 LEADER 01306nam a2200289 i 4500 001 000000145368 003 CaOOAMICUS 005 20220525123957.0 008 051125s2005 it u000 u ita u 013 $a120760 020 $a88-315-2907-2 040 $aSeMil$bita 100 1 $aIovino, Paolo,$d<1939- >.$0(OLS)http://semarc/name/47499 245 10$aLettere a Timoteo ; Lettera a Tito /$cnuova versione, introduzione e commento di Paolo Iovino. 264 1$aMilano :$bPaoline,$c2005. 300 $a257 p. ;$c24 cm. 490 1 $aI libri biblici. Nuovo Testamento ;$v15 650 4$aBibbia - NT - Lettera a Tito.$0(OLS)http://semarc/subject/10587 650 4$aBibbia. Nuovo Testamento. Lettere a Timoteo - Commentari, studi, critica, interpretazioni.$0(OLS)http://semarc/subject/12035 830 2$aI libri biblici. Nuovo Testamento ;$v15.$0(OLS)http://semarc/title/657 850 $aSeMil 852 $aSeMil$W1$xVenegono$y1$m2XA J 15$j98161$B98161$CSeMilBibl$Z2$F106108 $81 961 $aSottoscrizione: Città Nuova (Agente) 996 $6020$a88-315-2907-2$9(OLS)http://semarc/number/133833 996 $6245$aLettere a Timoteo ; Lettera a Tito$9(OLS)http://semarc/title/212612 996 $6264$aMilano :$bPaoline$9(OLS)http://semarc/publisher/29684